000 01285cam a2200253 4500
001 ##L132053
008 051222n2005 000 0 eng u
020 _a0860176428
035 _a(Sirsi) u132053
041 0 _aeng
050 _a698.562 $2 18
100 1 _aPalmer, J.
245 0 0 _aBusiness case for knowledge management in construction
260 _aLondon
_bCIRIA
_c2005
300 _a112p.
_bill
_c30cm.
490 0 _aCIRIA
_v642
490 0 _aCIRIA Research Project
_v700
520 _aGuide resulting from the CIRIA Research Project 700: Business case for knowledge management: guidance and toolkit for construction. Aimed at anyone in construction wishing to improve their organisation's management of knowledge. Includes sections on:- where are you now? -- where do you want to go? -- how do you get there? communication, time and cost.
520 _aIncludes a CD-ROM (L133334) containing a PowerPoint presentation to promote the concept of using crops in construction and a document summarising the benefits to all concerned with construction and its environemntal impact.
690 _aMANAGEMENT-BUSINESS MANAGEMENT-INFORMATION MANAGEMENT
700 1 _aPlatt, S
710 2 _aConstruction Industry Research and Information Association
_94810
942 _n0
999 _c104995
_d104995